Statistics for British TV Shows

Click here to take the quiz!

General Stats

  • This quiz has been taken 124 times
  • The average score is 8 of 15

Answer Stats

QuestionAnswer% Correct
What is the name of the long-running children's show most famous for its badges?Blue Peter
94%
Which series' theme tune was "Who Do You Think You Are Kidding, Mr. Hitler?"Dad's Army
93%
What is the name of Doctor Who's preferred mode of transport?The TARDIS
89%
Which controversial figure used to host Top Gear?Jeremy Clarkson
82%
Who hosts University Challenge?Jeremy Paxman
59%
What sitcom was about a family with three young children and starred Hugh Dennis?Outnumbered
56%
What does ITV stand for?Independent Television
50%
Who plays Watson in the BBC's Sherlock?Martin Freeman
49%
In which legendary place was the BBC series Merlin set?Camelot
42%
What type of dance is played as the theme tune of the above?Hornpipe
38%
Which aristocratic family features in the hit series Downton Abbey?Crawley
32%
Which company created the stop-motion series Creature Comforts?Aardman
27%
Which children's TV character had a supercomputer called Mr. Smith?Sarah Jane Smith
23%
What is the name of the yellow Tweenie?Fizz
21%
Which school do Will, Simon, Jay and Neil all attend?Rudge Park Comprehensive
5%

Score Distribution

Percentile by Number Answered

Percent of People with Each Score

Your Score History

You have not taken this quiz